00414nam a2200121Ia 4500008004100000024004600041082001600087100006600103245003800169260002600207600002100233650003800254260210s9999 xx 000 0 und d a10B-008-BS, 10B-25-BS & 10B-36-BS a005.072 HAM aHammad Hanif Mansoor, Syed Shahrooz Shamin & Bilawal Alee 0aAcademic Hub (Educational Portal) aKarachi:bUITU,c2010 aComputer Science aBachelor of Computer Science (BS)